| 000 | 00984cab a2200301 4500 | ||
|---|---|---|---|
| 001 | WB2829-05 | ||
| 008 | 090401t1992 xxu||||| |||| 00| 0 eng d | ||
| 035 | _a(Sirsi) u63578 | ||
| 041 | _aeng | ||
| 245 | _aRentokil pays compensation | ||
| 260 | _c1992 | ||
| 350 | _a0 | ||
| 490 |
_aDaily Telegraph _v18 July 1992, 4(1) |
||
| 520 | _aRentokil paid £90 000 compensation to a former employee, who developed cancer after using Lindane and Pentacholorophenol, pesticides still used in this country for the treatment of timber but banned on health grounds in Sweden. | ||
| 650 | _aHEALTH HAZARDS | ||
| 650 | _aLINDANE | ||
| 650 | _aPCP | ||
| 650 | _aPENTACHOLOROPHENOL | ||
| 650 | _aPESTICIDES | ||
| 650 | _aRENTOKIL | ||
| 650 | _aTIMBER TREATMENTS | ||
| 650 | _aWALES | ||
| 690 | _aBUILDING AND CONSTRUCTION-REHABILITATION | ||
| 690 | _aBUILT ENVIRONMENT-BUILDING STANDARDS | ||
| 690 | _aENVIRONMENTAL AND LAND CONSULTANCY | ||
| 942 | _n0 | ||
| 948 | _c04/03/1997 | ||
| 999 |
_c39523 _d39523 |
||